000 00619nam a2200241Ia 4500
003 OSt
005 20220928102246.0
006 a|||||r|||| 00| 0
007 ta
008 220927b |||||||| |||| 00| 0 jpn d
024 _a50133
037 _cTextual
040 _aSDCL
_cSDCL
_bjpn
041 _2jpn
_ajpn
082 _aV51'C5, L6
100 _aJohnston Alan
_9397490
245 0 _aEmergence of Greece.
260 _aNew York
_b Elsevier
_c1976
300 _a151p.
_ccm.
490 _aThe making of the past
942 _hV51'C5, L6
_cTEXL
_2CC
999 _c713285
_d713285